|
|
|
|
| LEADER |
00699cam a2200193 7i4500 |
| 001 |
0000022603 |
| 005 |
20090604090000.0 |
| 020 |
0 |
0 |
|a 978-0-8213-7609-6
|
| 090 |
0 |
0 |
|a I 338.7
|b DOI
|
| 245 |
0 |
0 |
|a Doing business 2009 :
|b comparing regulation 181 economies.
|
| 260 |
0 |
0 |
|a Washington, D.C:
|b World Bank and the International Finance Corporation,
|c 2009.
|
| 300 |
# |
# |
|a 195 p.
|
| 650 |
0 |
0 |
|a Industrial management
|
| 650 |
0 |
0 |
|a Commercial law
|
| 650 |
0 |
0 |
|a Delegated legislation --
|x Economic aspects
|
| 650 |
0 |
0 |
|a Doing business
|
| 650 |
0 |
0 |
|a Trade regulation --
|x Law and legislation
|
| 650 |
0 |
0 |
|a Business enterprises --
|x Goverment policy
|
| 999 |
|
|
|a 0000024145
|b Book
|c International
|e Business Information Centre
|